Länder mit dem höchsten Anteil an Christentum - Statistiken

Allgemein
  • Dieses Quiz wurde 83 mal gespielt
  • Das Durchschnittsergebnis liegt bei 2 aus 6
Antwortstatistiken
Anteil in % Land Kontinent % Korrekt
100 Vatikanstadt Europa
97%
98,7 Armenien Asien
28%
96 Paraguay Südamerika
27%
97 Haiti Nordamerika
18%
97 Papua-Neuguinea Ozeanien
14%
95,5 Sambia Afrika
3%
Keine übereinstimmenden Quizze gefunden
Verteilung der Resultate
Anzahl Personen mit jedem Resultat
Perzentil nach korrekt beantworteten Fragen
Ihre Resultats-Entwicklung
Sie haben dieses Quiz noch nicht gespielt